Professional English in Use Law
Na minha lista:
| Autor principal: | |
|---|---|
| Outros Autores: | |
| Formato: | Livro |
| Idioma: | inglês |
| Publicado em: |
Cambridge
Cambridge University Press
2017
|
| Assuntos: | |
| Tags: |
Sem tags, seja o primeiro a adicionar uma tag!
|
MARC
| LEADER | 00000nam a2200000 4500 | ||
|---|---|---|---|
| 001 | 0246698 | ||
| 005 | 20240221114327.5 | ||
| 020 | |a 978-0-521-68542-9 | ||
| 041 | 0 | |a eng | |
| 044 | |a GB | ||
| 245 | 1 | 0 | |a Professional English in Use Law |c Gillian D. Brown, Sally Rice |
| 264 | 1 | |a Cambridge |b Cambridge University Press |c 2017 | |
| 300 | |a 128 s. | ||
| 610 | 2 | 0 | |a jazykoveda |
| 610 | 2 | 0 | |a terminológia |
| 610 | 2 | 0 | |a angličtina |
| 610 | 2 | 0 | |a právo |
| 610 | 2 | 0 | |a zásoba slovná |
| 610 | 2 | 0 | |a frazeológia |
| 100 | 1 | |a Brown, Gillian D. | |
| 700 | 1 | |a Rice, Sally | |